000
00288nam a2200097Ia 4500
005
20250424112836.0
008
250424s9999 xx 000 0 und d
300
_a
88 p. :ill. ; 30 cm.
650
_a
Petroleum industry and trade--Directories. Petroleum refineries--Directories.
942
_c
SR
999
_c
37452
_d
37452